00327nam a2200121Ia 4500008004100000082001700041100002700058245006400085250001200149260002800161300000800189650000800197191201s2009 xx 000 0 und d a658.421bCHE aCHARANTIMATH, Poornima 0aEntrepreneurship Development and Small Business Enterprises a5th IMP aN. DelhibPearsonc2009 a523 aBBA